000 00551nam a2200229Ia 4500
003 OSt
005 20221005133025.0
006 a|||||r|||| 00| 0
007 ta
008 221004b |||||||| |||| 00| 0 tam d
024 _a50318
037 _cTextual
040 _aCRL
_cCRL
_btam
041 _2tam
_atam
082 _aO31,3NDO,8, J0
100 _aJeeva
_9625512
245 0 _aVenil vanthathu
260 _c1997
650 _aTAMIL LITERATURE
942 _hO31,3NDO,8, J0
_cTEXL
_2cc
999 _c1065510
_d1065510